[Event "TCh-FRA Top 12 2015"]
[Site "Montpellier FRA"]
[Date "2015.06.07"]
[Round "9.1"]
[Board "2"]
[White "Tranchant, Sebastien"]
[Black "Fedorchuk, Sergey A."]
[Result "0-1"]
[BlackTitle "GM"]
[WhiteElo "2275"]
[BlackElo "2657"]
[WhiteTeam "POITIERS-MIGNE"]
[BlackTeam "EVRY GRAND ROQUE"]
[WhiteFideId "626732"]
[BlackFideId "14102536"]
[EventDate "2015.05.30"]

1. d4 Nf6 2. c4 e6 3. Nc3 Bb4 4. e3 O-O 5. Ne2 d5 6. a3 Be7 7. cxd5 exd5 8. Nf4
a5 9. Bd3 c6 10. f3 Na6 11. O-O Nc7 12. Bc2 c5 13. Kh1 b6 14. Re1 Rb8 15. Nce2
Re8 16. dxc5 bxc5 17. Ba4 Bd7 18. Bd2 Rxb2 19. Bxd7 Qxd7 20. Bxa5 Ne6 21. Bc3
Rb7 22. Qd2 Rd8 23. Red1 Qa4 24. Rab1 Rbd7 25. Qc1 Qa6 26. Rd2 h6 27. Qb2 d4 28.
exd4 cxd4 29. Bxd4 Bxa3 30. Qa1 Nxd4 31. Rxd4 Rxd4 32. Nxd4 Qd6 33. Nb5 Qxf4 34.
Qxa3 Rd2 35. Qc5 Nd5 36. Nc3 Ne3 37. Rg1 Rxg2 38. Nd5 Qxh2# 0-1

[Event "TCh-FRA Top 12 2015"]
[Site "Montpellier FRA"]
[Date "2015.06.07"]
[Round "9.1"]
[Board "3"]
[White "Battaglini, Gabriel"]
[Black "Picard, Romain"]
[Result "1/2-1/2"]
[WhiteTitle "IM"]
[BlackTitle "IM"]
[WhiteElo "2451"]
[BlackElo "2368"]
[WhiteTeam "EVRY GRAND ROQUE"]
[BlackTeam "POITIERS-MIGNE"]
[WhiteFideId "621650"]
[BlackFideId "627216"]
[EventDate "2015.05.30"]

1. d4 f5 2. c4 Nf6 3. Nc3 e6 4. d5 Bb4 5. g3 O-O 6. Bg2 Na6 7. Nf3 Ne4 8. Qc2
Qf6 9. Bd2 Nxd2 10. Nxd2 Bxc3 11. bxc3 e5 12. O-O d6 13. f4 Bd7 14. Nb3 b6 15.
a4 Nc5 16. Nxc5 bxc5 17. a5 Rab8 18. Rab1 exf4 19. gxf4 Qe7 20. Qd3 g6 21. Kf2
Rfe8 22. Rfe1 Kg7 23. Rg1 Qh4+ 24. Qg3 Qe7 25. Qd3 Qh4+ 26. Qg3 Qe7 27. Qd3 1/2-1/2

[Event "TCh-FRA Top 12 2015"]
[Site "Montpellier FRA"]
[Date "2015.06.07"]
[Round "9.1"]
[Board "4"]
[White "Saada, Julien"]
[Black "Relange, Eloi"]
[Result "1/2-1/2"]
[WhiteTitle "FM"]
[BlackTitle "GM"]
[WhiteElo "2296"]
[BlackElo "2468"]
[WhiteTeam "POITIERS-MIGNE"]
[BlackTeam "EVRY GRAND ROQUE"]
[WhiteFideId "625388"]
[BlackFideId "600822"]
[EventDate "2015.05.30"]

1. d4 Nf6 2. Nf3 g6 3. e3 Bg7 4. Be2 O-O 5. O-O d6 6. b4 c5 7. bxc5 dxc5 8. c4
Nc6 9. Bb2 cxd4 10. exd4 Qb6 11. Qc1 Bf5 12. d5 Nb4 13. Bd4 Qa6 14. Na3 Rac8 15.
Qb2 Nd3 16. Bxd3 Bxd3 17. Rfe1 Bxc4 18. Nxc4 Qxc4 19. d6 e5 20. Bxe5 Qc2 21. Qd4
Rc4 22. Qxa7 Ne4 23. Bxg7 Kxg7 24. Qe3 Qc3 25. Rad1 Rd8 26. Rd3 Qf6 27. Nd2 Nxd2
28. Qxd2 Rd7 29. g3 Rc6 30. Rd1 Ra6 31. a3 Qe5 32. Qb4 h5 33. h4 Qf6 34. Kg2 Rc6
35. R1d2 Qa1 36. Qb5 Qf6 37. a4 Qe6 38. Rd4 Qf6 39. a5 Qe6 40. Kh2 Qe1 41. Re2
Qf1 42. Qe5+ Kh7 43. Red2 Rc1 44. Qe4 Qg1+ 45. Kh3 Ra1 46. Rd5 Qf1+ 47. Qg2 Qe1
48. Rb2 Rxa5 49. Rxa5 Qxa5 50. Qf3 Qe5 51. Rxb7 Qxd6 52. Rxd7 Qxd7+ 53. Kg2 1/2-1/2

[Event "TCh-FRA Top 12 2015"]
[Site "Montpellier FRA"]
[Date "2015.06.07"]
[Round "9.1"]
[Board "5"]
[White "Fargere, Francois"]
[Black "Bedouin, Xavier"]
[Result "1-0"]
[WhiteTitle "GM"]
[BlackTitle "IM"]
[WhiteElo "2418"]
[BlackElo "2336"]
[WhiteTeam "EVRY GRAND ROQUE"]
[BlackTeam "POITIERS-MIGNE"]
[WhiteFideId "615935"]
[BlackFideId "617040"]
[EventDate "2015.05.30"]

1. e4 c5 2. Nf3 Nc6 3. Bb5 e6 4. O-O Nge7 5. b3 a6 6. Bxc6 Nxc6 7. Bb2 b5 8. c4
bxc4 9. bxc4 d6 10. d3 Rb8 11. Bc3 f6 12. Nh4 g6 13. f4 Be7 14. f5 exf5 15. exf5
Kf7 16. Nd2 Ne5 17. Ne4 Kg7 18. Qe1 g5 19. Nf3 Nxf3+ 20. Rxf3 Kf7 21. Qe2 h6 22.
Raf1 Bd7 23. Re3 Be8 24. Re1 Rb7 25. Nxf6 Bxf6 26. Qh5+ Kg7 27. Rxe8 Rxe8 28.
Rxe8 Qxe8 29. Bxf6+ Kf8 30. Qxh6+ 1-0

[Event "TCh-FRA Top 12 2015"]
[Site "Montpellier FRA"]
[Date "2015.06.07"]
[Round "9.1"]
[Board "6"]
[White "Fougerit, Valentin"]
[Black "Moussard, Jules"]
[Result "0-1"]
[BlackTitle "IM"]
[WhiteElo "2225"]
[BlackElo "2444"]
[WhiteTeam "POITIERS-MIGNE"]
[BlackTeam "EVRY GRAND ROQUE"]
[WhiteFideId "634670"]
[BlackFideId "642908"]
[EventDate "2015.05.30"]

1. e4 g6 2. d4 Bg7 3. Nc3 d6 4. Be3 a6 5. Qd2 Nd7 6. O-O-O b5 7. h4 h5 8. Nh3
Bb7 9. Ng5 Rc8 10. f4 Nh6 11. e5 Nb6 12. Bd3 b4 13. Ne2 Nd5 14. f5 gxf5 15. Ng3
e6 16. Nxh5 Bf8 17. Be2 c5 18. Rhf1 c4 19. c3 Qa5 20. Kb1 bxc3 21. bxc3 Ng8 22.
Rc1 Qb6+ 23. Ka1 dxe5 24. Rb1 Qa7 25. Bg1 e4 26. g4 Rxh5 27. gxf5 Rxh4 28. Qe1
Rh1 29. Nxf7 Ngf6 30. fxe6 Rc6 31. Qg3 Rxe6 32. Ng5 Rb6 33. Rbe1 Bd6 34. Qg2 Ba3
35. Rb1 Rxg1 36. Qxg1 Nxc3 37. Nh7 Nxe2 38. Qg6+ Kd8 39. Rxb6 Qxb6 40. Qxf6+
Qxf6 41. Nxf6 c3 42. d5 e3 0-1

[Event "TCh-FRA Top 12 2015"]
[Site "Montpellier FRA"]
[Date "2015.06.07"]
[Round "9.1"]
[Board "7"]
[White "Bergez, Luc"]
[Black "Picard, Clement"]
[Result "1-0"]
[WhiteTitle "IM"]
[WhiteElo "2327"]
[BlackElo "2180"]
[WhiteTeam "EVRY GRAND ROQUE"]
[BlackTeam "POITIERS-MIGNE"]
[WhiteFideId "606600"]
[BlackFideId "615455"]
[EventDate "2015.05.30"]

1. d4 e6 2. c4 Bb4+ 3. Nd2 b6 4. a3 Bxd2+ 5. Qxd2 Bb7 6. b4 f5 7. Nh3 Nf6 8. f3
O-O 9. e3 Qe8 10. Bd3 d6 11. O-O Nbd7 12. Bb2 Kh8 13. a4 a5 14. bxa5 Rxa5 15.
Bc3 Ra8 16. a5 bxa5 17. Bxa5 c5 18. Qf2 Qe7 19. Bc3 Ne4 20. Qb2 Nxc3 21. Qxb7
Rxa1 22. Rxa1 cxd4 23. exd4 e5 24. Bxf5 Rxf5 25. Ra8+ Rf8 26. Qxd7 Qf6 27. Qe8
Kg8 28. dxe5 dxe5 29. Qxf8+ Qxf8 30. Rxf8+ Kxf8 31. Kf2 Nd1+ 32. Ke2 Nb2 33. c5
Na4 34. c6 Ke7 35. Ng5 Kd6 36. Ke3 Kxc6 37. Ke4 Kd6 38. Kf5 Nc5 39. Ne4+ Nxe4
40. fxe4 g6+ 41. Kf6 1-0

[Event "TCh-FRA Top 12 2015"]
[Site "Montpellier FRA"]
[Date "2015.06.07"]
[Round "9.1"]
[Board "8"]
[White "Leriche, Ines"]
[Black "Milliet, Sophie"]
[Result "0-1"]
[BlackTitle "IM"]
[WhiteElo "1990"]
[BlackElo "2369"]
[WhiteTeam "POITIERS-MIGNE"]
[BlackTeam "EVRY GRAND ROQUE"]
[WhiteFideId "684090"]
[BlackFideId "623725"]
[EventDate "2015.05.30"]

1. d4 Nf6 2. c4 c5 3. d5 b5 4. cxb5 a6 5. b6 d6 6. Nc3 Nbd7 7. e4 Rb8 8. a4 Rxb6
9. Nf3 g6 10. Be2 Bg7 11. O-O O-O 12. Nd2 Rb4 13. a5 Ne5 14. f4 Nfg4 15. Ndb1
Rd4 16. b4 Nc4 17. Bxc4 Rxc4 18. Qe2 Rxb4 19. h3 Nf6 20. Na3 e6 21. Nc2 Rb8 22.
Rd1 exd5 23. exd5 Re8 24. Qc4 Nh5 25. Ra3 Ng3 26. Kh2 Qh4 27. Rb3 Rxb3 28. Qxb3
Bxh3 29. gxh3 Ne2 30. Nxe2 Rxe2+ 31. Kh1 Qf2 0-1

[Event "TCh-FRA Top 12 2015"]
[Site "Montpellier FRA"]
[Date "2015.06.07"]
[Round "9.2"]
[Board "1"]
[White "Navara, David"]
[Black "Krasenkow, Michal"]
[Result "0-1"]
[WhiteTitle "GM"]
[BlackTitle "GM"]
[WhiteElo "2751"]
[BlackElo "2610"]
[WhiteTeam "MULHOUSE PHILIDOR"]
[BlackTeam "L'ECHIQUIER CHALONNAIS"]
[WhiteFideId "309095"]
[BlackFideId "1113100"]
[EventDate "2015.05.30"]

1. e4 e5 2. Nf3 Nc6 3. d4 exd4 4. Nxd4 Qf6 5. Nf3 Bb4+ 6. Nbd2 d6 7. Be2 Bg4 8.
O-O O-O-O 9. c3 Bc5 10. b4 Bxb4 11. Qa4 Bc5 12. e5 Nxe5 13. Ne4 Qf5 14. Nxc5
dxc5 15. Qxa7 Nxf3+ 16. gxf3 Bxf3 17. Bxf3 Qxf3 18. Bf4 Qxf4 19. Qa8+ Kd7 20.
Rfd1+ Kc6 21. Qxd8 Qg4+ 22. Kf1 Qc4+ 23. Qd3 Qxd3+ 24. Rxd3 Ne7 25. Rf3 Rf8 26.
Re1 Nc8 27. Re4 Nd6 28. Rh4 Rh8 29. Rfh3 h6 30. a4 Nf5 31. Re4 g6 32. Ke2 Ra8
33. Rf4 h5 34. Rd3 Nd6 35. Re3 c4 36. Re7 Rxa4 37. Rf6 Ra2+ 38. Kd1 Kd5 39. f4
Rxh2 40. Rxc7 Nb5 41. Rxb7 Nxc3+ 42. Kc1 Ne2+ 43. Kd2 Nd4+ 0-1

[Event "TCh-FRA Top 12 2015"]
[Site "Montpellier FRA"]
[Date "2015.06.07"]
[Round "9.2"]
[Board "2"]
[White "Salgado Lopez, Ivan"]
[Black "Gajewski, Grzegorz"]
[Result "0-1"]
[WhiteTitle "GM"]
[BlackTitle "GM"]
[WhiteElo "2616"]
[BlackElo "2648"]
[WhiteTeam "L'ECHIQUIER CHALONNAIS"]
[BlackTeam "MULHOUSE PHILIDOR"]
[WhiteFideId "2257327"]
[BlackFideId "1116207"]
[EventDate "2015.05.30"]

1. e4 c5 2. Nf3 e6 3. d4 cxd4 4. Nxd4 Nc6 5. Nc3 a6 6. Be3 Nf6 7. Qf3 Bd6 8.
O-O-O Be5 9. Qe2 O-O 10. g3 Nxd4 11. Bxd4 Bxd4 12. Rxd4 e5 13. Rd2 b5 14. Nd5
Nxd5 15. Rxd5 Bb7 16. Rd1 Rc8 17. f3 d5 18. exd5 Qd6 19. Qe3 Bxd5 20. Bd3 Qc6
21. Be4 Bxe4 22. Qxe4 Qxe4 23. fxe4 Rc4 24. Rhe1 Rfc8 25. Re2 Kf8 26. b3 Rc3 27.
Rd5 f6 28. Kb2 h5 29. Rd6 R3c6 30. Red2 Kf7 31. Rd7+ Kg6 32. Rb7 R8c7 33. Rxc7
Rxc7 34. Rd6 Kg5 35. Rxa6 Kg4 36. Rd6 Kf3 37. Rd5 b4 38. Rb5 Kg2 39. Rxb4 Kxh2
40. Rc4 Ra7 41. Rc3 g5 42. b4 g4 43. Rc6 Kxg3 44. Rxf6 h4 45. b5 h3 0-1

[Event "TCh-FRA Top 12 2015"]
[Site "Montpellier FRA"]
[Date "2015.06.07"]
[Round "9.2"]
[Board "3"]
[White "Wojtaszek, Radoslaw"]
[Black "Sokolov, Ivan"]
[Result "1/2-1/2"]
[WhiteTitle "GM"]
[BlackTitle "GM"]
[WhiteElo "2746"]
[BlackElo "2623"]
[WhiteTeam "MULHOUSE PHILIDOR"]
[BlackTeam "L'ECHIQUIER CHALONNAIS"]
[WhiteFideId "1118358"]
[BlackFideId "14400030"]
[EventDate "2015.05.30"]

1. d4 Nf6 2. c4 e6 3. Nf3 d5 4. Nc3 Be7 5. Bf4 O-O 6. e3 a6 7. cxd5 Nxd5 8. Nxd5
exd5 9. Bd3 Bb4+ 10. Nd2 Nc6 11. a3 Bd6 12. Bxd6 Qxd6 13. Qc2 g6 14. Rc1 Bd7 15.
O-O Rfc8 16. Qc5 Qxc5 17. Rxc5 Ne7 18. Rfc1 c6 19. R5c3 a5 20. Nb3 b6 21. Nd2 f6
22. f3 Kf7 23. Kf2 a4 24. R3c2 Be6 25. Nb1 Ra5 26. Nc3 Kg7 27. Rd2 g5 28. Bc2
Rca8 29. Re1 Bf7 30. e4 dxe4 31. fxe4 R8a7 32. g3 h6 33. Re3 b5 34. e5 Nd5 35.
Nxd5 Bxd5 36. Be4 b4 37. axb4 Rb5 38. Bxd5 cxd5 39. exf6+ Kxf6 40. Re5 1/2-1/2

[Event "TCh-FRA Top 12 2015"]
[Site "Montpellier FRA"]
[Date "2015.06.07"]
[Round "9.2"]
[Board "4"]
[White "Anic, Darko"]
[Black "Degraeve, Jean-Marc"]
[Result "0-1"]
[WhiteTitle "GM"]
[BlackTitle "GM"]
[WhiteElo "2393"]
[BlackElo "2555"]
[WhiteTeam "L'ECHIQUIER CHALONNAIS"]
[BlackTeam "MULHOUSE PHILIDOR"]
[WhiteFideId "602612"]
[BlackFideId "600270"]
[EventDate "2015.05.30"]

1. Nf3 g6 2. d4 Bg7 3. e4 d6 4. c3 Nf6 5. Bd3 O-O 6. O-O Nc6 7. h3 e5 8. Re1 Re8
9. d5 Nb8 10. c4 a5 11. Nc3 Na6 12. a3 c6 13. b4 cxd5 14. cxd5 axb4 15. axb4 Bd7
16. Nb5 Qb8 17. Ra5 Rc8 18. Bd2 Ne8 19. Qb1 Bf6 20. Bg5 Bxg5 21. Nxg5 Bxb5 22.
Bxb5 Qc7 23. Bxa6 Rxa6 24. Rxa6 bxa6 25. Qa2 Qb6 26. Ra1 Nf6 27. Qe2 Qxb4 28.
Qxa6 Qc3 29. Qa7 Rc7 30. Qa8+ Kg7 31. Kh2 Qd2 0-1

[Event "TCh-FRA Top 12 2015"]
[Site "Montpellier FRA"]
[Date "2015.06.07"]
[Round "9.2"]
[Board "5"]
[White "Sokolov, Andrei1"]
[Black "Velten, Paul"]
[Result "1/2-1/2"]
[WhiteTitle "GM"]
[BlackTitle "IM"]
[WhiteElo "2520"]
[BlackElo "2457"]
[WhiteTeam "MULHOUSE PHILIDOR"]
[BlackTeam "L'ECHIQUIER CHALONNAIS"]
[WhiteFideId "627089"]
[BlackFideId "681091"]
[EventDate "2015.05.30"]

1. e4 e6 2. d4 d5 3. Nd2 c5 4. exd5 Qxd5 5. dxc5 Qxc5 6. Ngf3 Nf6 7. Bd3 Nbd7 8.
O-O Be7 9. Re1 O-O 10. Ne4 Qc7 11. Nxf6+ Bxf6 12. Ng5 g6 13. a4 Bg7 14. a5 Nc5
15. Ne4 Nxd3 16. Qxd3 h6 17. Rd1 e5 18. Be3 f5 19. Nd6 Be6 20. Nb5 Qf7 21. Nd6
Qc7 22. Nb5 Qf7 23. Nd6 Qc7 1/2-1/2

[Event "TCh-FRA Top 12 2015"]
[Site "Montpellier FRA"]
[Date "2015.06.07"]
[Round "9.2"]
[Board "6"]
[White "Favarel, Antoine"]
[Black "Ider, Borya"]
[Result "0-1"]
[WhiteTitle "FM"]
[BlackTitle "IM"]
[WhiteElo "2374"]
[BlackElo "2401"]
[WhiteTeam "L'ECHIQUIER CHALONNAIS"]
[BlackTeam "MULHOUSE PHILIDOR"]
[WhiteFideId "642371"]
[BlackFideId "4901134"]
[EventDate "2015.05.30"]

1. c4 e6 2. Nc3 d5 3. d4 Nf6 4. cxd5 exd5 5. Bg5 c6 6. e3 Be7 7. Qc2 Nbd7 8. Bd3
O-O 9. Nf3 Re8 10. O-O Nf8 11. Rab1 Ng6 12. b4 a6 13. a4 Ne4 14. Bxe7 Qxe7 15.
Rfe1 Bg4 16. Nd2 Nd6 17. f3 Bd7 18. b5 axb5 19. axb5 Nh4 20. Nf1 Qg5 21. Kh1 Ra3
22. Re2 Ndf5 23. bxc6 bxc6 24. f4 Qh5 25. Na4 Nd6 26. Ng3 Qh6 27. Nc5 Bg4 28.
Ree1 g6 29. Qf2 Rea8 30. Rb2 Qf8 31. h3 Bc8 32. e4 dxe4 33. Bxe4 Nxe4 34. Ngxe4
Qd8 35. Kh2 Bxh3 36. gxh3 Nf3+ 37. Kg2 Nxe1+ 38. Qxe1 Qxd4 39. Rd2 Ra2 40. Qf2
Rxd2 41. Qxd2 Qxd2+ 42. Nxd2 Ra2 43. Nb3 c5 44. Kf3 Rb2 45. Ke3 c4 46. Nd4 c3
47. N2f3 Rg2 48. Kd3 c2 49. Nxc2 Rg3 50. Ke3 Rxh3 51. Kf2 Rh5 52. Ne3 Ra5 53.
Ng4 Kg7 54. Kg3 f6 55. Ne3 Ra3 56. Kf2 Kf7 57. Nd4 Ra4 58. Ne2 g5 59. f5 h5 60.
Nc3 Ra3 61. Ned5 Ra5 62. Ke3 h4 63. Kf3 Rc5 64. Kg4 Rc4+ 65. Kh3 Rd4 66. Kg2 Rd3
67. Kh2 g4 68. Kg2 h3+ 69. Kh2 Kg7 70. Kg1 g3 71. Kh1 Rf3 0-1

[Event "TCh-FRA Top 12 2015"]
[Site "Montpellier FRA"]
[Date "2015.06.07"]
[Round "9.2"]
[Board "7"]
[White "Veys, Vincent"]
[Black "Dourerassou, Jonathan"]
[Result "1/2-1/2"]
[WhiteTitle "FM"]
[BlackTitle "IM"]
[WhiteElo "2341"]
[BlackElo "2414"]
[WhiteTeam "MULHOUSE PHILIDOR"]
[BlackTeam "L'ECHIQUIER CHALONNAIS"]
[WhiteFideId "20641567"]
[BlackFideId "628050"]
[EventDate "2015.05.30"]

1. e4 c6 2. Nc3 d5 3. Nf3 g6 4. d4 Bg7 5. Be2 dxe4 6. Nxe4 Nd7 7. O-O Ngf6 8.
Nxf6+ Nxf6 9. c4 O-O 10. Bf4 Qb6 11. b3 Bg4 12. h3 Bxf3 13. Bxf3 Rfd8 14. Be5
Nh5 15. Qe1 Bxe5 16. Qxe5 Qxd4 17. Qxe7 Rd7 18. Qg5 Qf6 19. Qxf6 Nxf6 20. Rfd1
Rad8 21. Rxd7 Rxd7 22. Re1 Kf8 23. Re5 Rd2 24. Ra5 a6 25. b4 Rb2 26. b5 axb5 27.
cxb5 Rxb5 28. Rxb5 cxb5 29. Bxb7 Ke7 30. Ba6 b4 31. Bc4 Ne4 32. Bd5 Nc3 33. Bb3
f5 34. Kf1 Kd6 35. Ke1 Ke5 36. f3 f4 37. Kd2 Kd4 38. h4 h6 39. Bf7 g5 40. hxg5
hxg5 41. Bg8 Na4 42. Be6 Nc5 43. Bf5 Nb7 44. Kc2 Na5 45. Be6 Ke3 46. Bd5 Ke2 47.
Kb2 Kf2 48. Kc2 Kxg2 49. Kd3 b3 50. axb3 Nxb3 51. Bxb3 Kxf3 52. Bd5+ Kf2 53. Be6
Kf3 54. Bd5+ Kg3 55. Ke2 g4 56. Be6 f3+ 57. Kf1 Kf4 58. Bxg4 Kxg4 59. Kf2 Kf4
60. Kf1 Kg3 61. Kg1 f2+ 62. Kf1 Kf3 1/2-1/2

[Event "TCh-FRA Top 12 2015"]
[Site "Montpellier FRA"]
[Date "2015.06.07"]
[Round "9.2"]
[Board "8"]
[White "Veillerette, Chantal"]
[Black "Choisy, Mathilde"]
[Result "0-1"]
[BlackTitle "WFM"]
[WhiteElo "1754"]
[BlackElo "2182"]
[WhiteTeam "L'ECHIQUIER CHALONNAIS"]
[BlackTeam "MULHOUSE PHILIDOR"]
[WhiteFideId "20609892"]
[BlackFideId "634565"]
[EventDate "2015.05.30"]

1. d4 Nf6 2. Nf3 g6 3. Bf4 Bg7 4. e3 O-O 5. h3 d6 6. Bh2 Nfd7 7. Be2 e5 8. O-O
Qe7 9. Re1 e4 10. Nfd2 f5 11. Bc4+ Kh8 12. c3 Nf6 13. a4 Nbd7 14. Na3 Ne8 15.
Rc1 Ndf6 16. Qb3 Nh5 17. Be2 Qh4 18. Bxh5 Qxh5 19. Nb5 a6 20. Nxc7 Nxc7 21. Bxd6
Ne6 22. Bxf8 Bxf8 23. Qd5 Qh4 24. Qe5+ Bg7 25. Qg3 Qe7 26. Nc4 Bd7 27. a5 Bb5
28. Nb6 Rd8 29. f4 Bf6 30. Red1 Bd3 31. Qf2 Qe8 32. d5 Nc5 33. Ra1 Qb5 34. b4
Nd7 35. Qd2 Nxb6 36. axb6 Qxb6 37. Qf2 Bxc3 38. Rac1 Bf6 39. g3 Qxb4 40. Rd2
Rxd5 41. Rc8+ Rd8 42. Rxd8+ Bxd8 43. g4 b5 44. g5 a5 45. Qe1 Qc3 46. Qf2 a4 47.
h4 Ba5 48. Rd1 a3 49. h5 Qc2 50. Qxc2 Bxc2 51. Rd7 a2 0-1

[Event "TCh-FRA Top 12 2015"]
[Site "Montpellier FRA"]
[Date "2015.06.07"]
[Round "9.3"]
[Board "1"]
[White "Nataf, Igor-Alexandre"]
[Black "Donchenko, Alexander"]
[Result "1/2-1/2"]
[WhiteTitle "GM"]
[BlackTitle "IM"]
[WhiteElo "2534"]
[BlackElo "2570"]
[WhiteTeam "C.E. STRASBOURG"]
[BlackTeam "VANDOEUVRE-ECHECS"]
[WhiteFideId "605492"]
[BlackFideId "24603295"]
[EventDate "2015.05.30"]

1. e4 g6 2. d4 Bg7 3. f4 d6 4. Nc3 Nf6 5. Bd3 Bg4 6. Nf3 e5 7. dxe5 dxe5 8. fxe5
Nfd7 9. e6 fxe6 10. h3 Bxf3 11. Qxf3 Ne5 12. Qg3 O-O 13. Bg5 Nxd3+ 14. cxd3 Qd7
15. O-O-O Nc6 16. Be3 b5 17. Ne2 b4 18. Kb1 b3 19. a3 Rab8 20. d4 Na5 21. Qe1
Nc4 22. Qc3 Qb5 23. Rhe1 c5 24. Rc1 Nxe3 25. Qxe3 cxd4 26. Nxd4 Qe5 27. Rc4 Rbc8
28. Rxc8 Rxc8 29. Qxb3 Rb8 30. Qxe6+ Qxe6 31. Nxe6 Rxb2+ 32. Kc1 Rxg2 33. Nxg7
Kxg7 34. Rd1 Rf2 35. Rd5 Rf3 36. Rd7+ Rf7 37. Rd5 Re7 38. Rd4 Kf6 39. Kd2 Kg5
40. Ke3 Kh4 41. e5+ Kxh3 42. Kf4 g5+ 43. Kxg5 Rxe5+ 44. Kh6 Re7 45. Rf4 Kg3 46.
Rf6 Kg4 47. a4 Rd7 48. Rf1 a5 49. Rg1+ Kf4 50. Rh1 Ke4 51. Rh4+ Kd3 52. Rh5 Ra7
53. Rb5 Kc4 54. Kh5 Ra6 55. Kg5 h6+ 56. Kh5 Kc3 57. Kh4 Kc4 58. Kh5 1/2-1/2

[Event "TCh-FRA Top 12 2015"]
[Site "Montpellier FRA"]
[Date "2015.06.07"]
[Round "9.3"]
[Board "3"]
[White "Sanikidze, Tornike"]
[Black "Hamitevici, Vladimir"]
[Result "1/2-1/2"]
[WhiteTitle "GM"]
[BlackTitle "IM"]
[WhiteElo "2515"]
[BlackElo "2429"]
[WhiteTeam "C.E. STRASBOURG"]
[BlackTeam "VANDOEUVRE-ECHECS"]
[WhiteFideId "13602608"]
[BlackFideId "13902393"]
[EventDate "2015.05.30"]

1. d4 Nf6 2. c4 c5 3. d5 b5 4. cxb5 a6 5. bxa6 g6 6. Nc3 Bg7 7. g3 d6 8. Bg2
Nbd7 9. Nf3 Nb6 10. O-O O-O 11. Re1 Bxa6 12. e4 Nfd7 13. Bf1 Nc4 14. Nd2 Nde5
15. Nxc4 Nxc4 16. Bxc4 Bxc4 17. Qc2 Qb6 18. Bf4 e5 19. dxe6 fxe6 20. e5 d5 21.
Ne4 Rxa2 22. Rxa2 Bxa2 23. Nf6+ Bxf6 24. exf6 d4 25. Qa4 Qb4 26. Qxb4 cxb4 27.
Bd6 Rxf6 28. Be5 1/2-1/2

[Event "TCh-FRA Top 12 2015"]
[Site "Montpellier FRA"]
[Date "2015.06.07"]
[Round "9.3"]
[Board "4"]
[White "Brunner, Nicolas"]
[Black "Vaisser, Anatoly"]
[Result "1/2-1/2"]
[WhiteTitle "IM"]
[BlackTitle "GM"]
[WhiteElo "2432"]
[BlackElo "2530"]
[WhiteTeam "VANDOEUVRE-ECHECS"]
[BlackTeam "C.E. STRASBOURG"]
[WhiteFideId "620246"]
[BlackFideId "603252"]
[EventDate "2015.05.30"]

1. d4 Nf6 2. c4 c5 3. d5 b5 4. cxb5 a6 5. bxa6 g6 6. Nc3 Bg7 7. Nf3 O-O 8. e4
Qa5 9. Nd2 Bxa6 10. Be2 e6 11. O-O Bxe2 12. Qxe2 exd5 13. exd5 Re8 14. Qf3 Qb4
15. a3 Qg4 16. Qxg4 Nxg4 17. Nde4 Na6 18. Bf4 Ne5 19. Nd6 Reb8 20. Bxe5 Bxe5 21.
Nc4 Bd4 22. Rae1 Nc7 23. Re7 Bxc3 24. Rxd7 Nxd5 1/2-1/2

[Event "TCh-FRA Top 12 2015"]
[Site "Montpellier FRA"]
[Date "2015.06.07"]
[Round "9.3"]
[Board "5"]
[White "Sebag, Marie"]
[Black "Bailet, Pierre"]
[Result "0-1"]
[WhiteTitle "GM"]
[BlackTitle "IM"]
[WhiteElo "2483"]
[BlackElo "2519"]
[WhiteTeam "C.E. STRASBOURG"]
[BlackTeam "VANDOEUVRE-ECHECS"]
[WhiteFideId "617822"]
[BlackFideId "655830"]
[EventDate "2015.05.30"]

1. e4 e5 2. Nf3 Nc6 3. Bb5 a6 4. Ba4 d6 5. O-O Bg4 6. c3 Qf6 7. d3 Ne7 8. Be3
Ng6 9. Nbd2 Nf4 10. Bxc6+ bxc6 11. d4 exd4 12. cxd4 Be7 13. Qc2 Bd7 14. Rfe1 O-O
15. Rac1 g5 16. e5 Qg6 17. Bxf4 gxf4 18. Qe4 Qh6 19. d5 cxd5 20. Qxd5 Be6 21.
Qa5 dxe5 22. Nxe5 Bd6 23. Nec4 Qg7 24. Nxd6 cxd6 25. b3 Kh8 26. Qc3 Rac8 27.
Qxg7+ Kxg7 28. g3 d5 29. Nf3 Kf6 30. Nd4 Rxc1 31. Rxc1 Ke5 32. Rd1 Rc8 33. f3 a5
34. a4 fxg3 35. hxg3 Rc3 36. Kf2 h5 37. Rd2 Bd7 38. Rd1 Bc8 39. Nb5 Rxf3+ 40.
Kxf3 Bg4+ 41. Ke3 Bxd1 42. Nd4 Kd6 43. Kd2 Bg4 44. Kc3 Kc5 45. Kd3 Bc8 46. Kc3
Bd7 47. Nf3 f5 48. Ne5 d4+ 49. Kd2 Be8 50. Nd3+ Kd6 51. Ke1 Bc6 52. Kd2 Be4 53.
Nf4 Bd5 54. Kc2 Bf7 55. Kd3 Ke5 56. b4 h4 57. b5 hxg3 58. b6 Kd6 59. b7 Kc7 60.
Kxd4 Be8 61. Ke3 Bc6 62. Ne2 g2 63. Kf2 Kxb7 64. Nf4 Kb6 65. Ne6 Be4 66. Kg1 Kc6
67. Kf2 Kd5 68. Ng7 Kc4 69. Nxf5 Bxf5 70. Kxg2 Kd3 71. Kf2 Bd7 72. Ke1 Bxa4 0-1

[Event "TCh-FRA Top 12 2015"]
[Site "Montpellier FRA"]
[Date "2015.06.07"]
[Round "9.3"]
[Board "6"]
[White "Nezar, Mustapha"]
[Black "Rozentalis, Eduardas"]
[Result "0-1"]
[WhiteTitle "IM"]
[BlackTitle "GM"]
[WhiteElo "2382"]
[BlackElo "2529"]
[WhiteTeam "VANDOEUVRE-ECHECS"]
[BlackTeam "C.E. STRASBOURG"]
[WhiteFideId "608637"]
[BlackFideId "12800023"]
[EventDate "2015.05.30"]

1. d4 Nf6 2. c4 e6 3. Nc3 Bb4 4. Qc2 b6 5. a3 Bxc3+ 6. Qxc3 Bb7 7. Bg5 h6 8. Bh4
g5 9. Bg3 Ne4 10. Qc2 d6 11. e3 Nd7 12. Ne2 h5 13. f3 Nxg3 14. hxg3 Qf6 15.
O-O-O O-O-O 16. Nc3 h4 17. g4 h3 18. Ne4 hxg2 19. Bxg2 Qg6 20. Ng3 Qxc2+ 21.
Kxc2 Nf6 22. e4 c5 23. d5 Kc7 24. Rxh8 Rxh8 25. Rh1 Rxh1 26. Nxh1 Nd7 27. Bf1
Ne5 28. Be2 Kd8 29. Nf2 Ke7 30. Kd2 Bc8 31. Nh3 Kf6 32. Ke3 Ng6 33. Bd3 Bd7 34.
Be2 Ba4 35. dxe6 fxe6 36. Kd2 Ne5 37. Kc3 Bd7 38. Bd1 b5 39. b3 a5 40. Be2 b4+
41. axb4 cxb4+ 42. Kd4 Nc6+ 43. Kd3 e5 44. Bd1 Nd4 45. Nf2 Ne6 46. Kd2 Ke7 47.
Nd3 Kd8 48. Bc2 Kc7 49. Bd1 Kb6 50. Nb2 Nc5 51. Bc2 a4 52. bxa4 Ka5 53. Bd1 Bxa4
54. Bc2 Bb3 55. Kc1 Bxc2 56. Kxc2 Ne6 57. c5 dxc5 58. Nc4+ Kb5 59. Nxe5 c4 60.
Kb2 Nd4 61. f4 c3+ 62. Kb1 gxf4 63. g5 f3 64. Nd3 Kc4 65. Nf2 Kb3 66. Nd3 c2+
67. Kc1 Kc3 0-1